Rubberinoru naveena nadeel reethi (Record no. 68229)
[ view plain ]
| 000 -LEADER | |
|---|---|
| fixed length control field | 00291nam a2200121Ia 4500 |
| 100 ## - MAIN ENTRY--AUTHOR NAME | |
| Personal name | Soman T A |
| 245 #0 - TITLE STATEMENT | |
| Title | Rubberinoru naveena nadeel reethi |
| 260 ## - PUBLICATION, DISTRIBUTION, ETC. (IMPRINT) | |
| Name of publisher | Rubber Mithram |
| Year of publication | 2008 |
| 300 ## - PHYSICAL DESCRIPTION | |
| Number of Pages | 17-23 |
| 700 ## - ADDED ENTRY--PERSONAL NAME | |
| Personal name | Varghese Y A |
| 942 ## - ADDED ENTRY ELEMENTS (KOHA) | |
| Koha item type | Journals |
| Withdrawn status | Lost status | Damaged status | Not for loan | Home library | Current library | Shelving location | Date acquired | Serial Enumeration / chronology | Koha item type |
|---|---|---|---|---|---|---|---|---|---|
| Journals | RRII Library | RRII Library | Botany | 16/04/2008 | Volume 9, Issue April | Journals |